00347nam a2200121Ia 4500008004100000020001500041040001200056082001300068100000800081245011500089260001400204300000700218200103s9999||||xx |||||||||||||| ||und|| a9280111191 aIMU-MPC aColumn-4 aIMO 0aInternational Convention for the Prevention of Pollution of the Sea by Oil, 1954 : as amended in 1962 and 1969 bIMOc1981 a12